Speciální psychologie 2 : pedagogicko psychologické kompetence učitele. 1, Paradigmata vývoje od XVIII. století a současný stav / Jiří V. Musil
Record details
- ISBN: 80-238-8932-X
- Physical Description: 123 s. ; 21 cm
- Edition: Vyd. 1.
- Publisher: Olomouc : Psychologická a výchovná poradna, 2001
Content descriptions
| General Note: | Vydavatel: Cyrilometodějská teologická fakulta Univerzity Palackého |
| Bibliography, etc. Note: | Obsahuje bibliografii a rejstříky |
| Target Audience Note: | Rukověť k pedagogicko psychologickému integrujícímu semináři v rámci přípravy posluchačů učitelství ke státní zkoušce pedagogické způsobilosti |
Search for related items by subject
| Subject: | psychologie osobnosti profesní příprava profesní kompetence školství > Česko > 18.-20. století učitelé |
| Genre: | učebnice vysokých škol |
Available copies
- 1 of 1 copy available at Common Catalog SPOK.
Holds
- 0 current holds with 1 total copy.
Show Only Available Copies
| Location | Call Number / Copy Notes | Barcode | Shelving Location | Status | Due Date |
|---|---|---|---|---|---|
| Jabok Library | Ped-3.9 | 424480044977 | Odborná literatura | Available | - |
| LDR | 02045nam a2200469 4500 | ||
|---|---|---|---|
| 001 | 55535 | ||
| 003 | CZ-PrJAB | ||
| 005 | 20150925180547.0 | ||
| 008 | 090126s2001 xr |||||||||||||| ||cze d | ||
| 020 | . | ‡a80-238-8932-X ‡q(brož.) : ‡cKč 180,00 | |
| 035 | . | ‡a(CZ PrSKC)016020003510445 | |
| 040 | . | ‡aOLA001 ‡bcze ‡dULG001 | |
| 072 | 7. | ‡a37 ‡xVýchova a vzdělávání ‡2Konspekt ‡922 | |
| 080 | . | ‡a377 ‡2MRF-sel | |
| 080 | . | ‡a331.5 ‡2MRF-sel | |
| 080 | . | ‡a37.01 ‡2MRF-sel | |
| 080 | . | ‡a159.92 ‡2MRF-sel | |
| 080 | . | ‡a371 ‡2MRF-sel | |
| 100 | 1 | . | ‡aMusil, Jiří V., ‡d1941- ‡7jo20010080539 ‡4aut |
| 245 | 1 | 0. | ‡aSpeciální psychologie 2 : ‡bpedagogicko psychologické kompetence učitele. ‡n1, ‡pParadigmata vývoje od XVIII. století a současný stav / ‡cJiří V. Musil |
| 246 | 3 | 0. | ‡aParadigmata vývoje od XVIII. století a současný stav |
| 250 | . | ‡aVyd. 1. | |
| 260 | . | ‡aOlomouc : ‡bPsychologická a výchovná poradna, ‡c2001 | |
| 300 | . | ‡a123 s. ; ‡c21 cm | |
| 500 | . | ‡aVydavatel: Cyrilometodějská teologická fakulta Univerzity Palackého | |
| 504 | . | ‡aObsahuje bibliografii a rejstříky | |
| 521 | . | ‡aRukověť k pedagogicko psychologickému integrujícímu semináři v rámci přípravy posluchačů učitelství ke státní zkoušce pedagogické způsobilosti | |
| 648 | 7. | ‡a18.-20. století ‡7ch757019 ‡2czenas | |
| 650 | 0 | 7. | ‡apsychologie osobnosti ‡7ph115951 ‡2czenas |
| 650 | 0 | 7. | ‡aprofesní příprava ‡7ph134694 ‡2czenas |
| 650 | 0 | 7. | ‡aprofesní kompetence ‡7ph136580 ‡2czenas |
| 650 | 0 | 7. | ‡aškolství ‡7ph116829 ‡zČesko ‡y18.-20. století ‡2czenas |
| 650 | 0 | 7. | ‡aučitelé ‡7ph126982 ‡2czenas |
| 655 | 7. | ‡aučebnice vysokých škol ‡7fd133772 ‡2czenas | |
| 710 | 2 | . | ‡aUniverzita Palackého. ‡bCyrilometodějská teologická fakulta ‡7kn20010709370 ‡4pbl |
| 910 | . | ‡aABG312 | |
| 995 | . | ‡aska | |
| 901 | . | ‡a55535 ‡bAUTOGEN ‡c55535 ‡tbiblio | |